| 000 | 00410nam a2200109Ia 4500 | ||
|---|---|---|---|
| 008 | 160909s9999 xx 000 0 und d | ||
| 100 | _aHansen, Jeremy Thomas | ||
| 245 | _aSocial media habits and experiences of higher education administrators | ||
| 260 |
_bCalifornia State University, Long Beach. _c2016 |
||
| 650 | _aInformation Technology | ||
| 856 | _uhttp://pqdtopen.proquest.com/doc/1810989730.html?FMT=ABS | ||
| 999 |
_c303783 _d303783 |
||